| 000 | 00673nam a2200253 a 4500 | ||
|---|---|---|---|
| 003 | AR-BaBNM | ||
| 005 | 20251128203140.0 | ||
| 008 | 082120s2002 ||||||||||||||000 | spa|| | ||
| 040 | _cAR-BaBNM | ||
| 100 | 1 | _aAron, Raymond | |
| 245 | 0 | 0 |
_aProgreso y desilusión _bla dialéctica de la sociedad moderna |
| 260 |
_aCaracas _bMonte Avila _c1979 |
||
| 300 | _a363 p. | ||
| 490 | 0 |
_aPerspectiva actual _vv. 2 |
|
| 650 | 4 | _aSOCIALIZACION | |
| 650 | 4 | _aSOCIEDAD CONTEMPORANEA | |
| 650 | 4 | _aFAMILIA | |
| 650 | 4 | _aSOCIEDAD DE MASAS | |
| 650 | 4 | _aLOGICA | |
| 650 | 4 | _aRELACIONES INTERPERSONALES | |
| 700 | 1 |
_aSucre, Julieta _etraductor |
|
| 942 | _cBK | ||
| 998 | _cCarmen | ||
| 999 |
_c2139 _d2139 |
||